[Event "45th FIDE Chess Olympiad Open"]
[Site "Budapest, Hungary"]
[Date "2024.09.11"]
[Round "1"]
[White "Giron, Jorge Ernesto"]
[Black "Leko, Peter"]
[Result "0-1"]
[Board "5"]
[WhiteFideId "6702309"]
[BlackFideId "703303"]
[WhiteTitle "IM"]
[BlackTitle "GM"]
[WhiteElo "2276"]
[BlackElo "2666"]
[WhiteTeam "El Salvador"]
[BlackTeam "Hungary"]
[WhiteClock "0:26:36"]
[BlackClock "0:25:26"]
[Variant "Standard"]

1. d4 {[%clk 1:30:54]}  Nf6 {[%clk 1:30:54]} 2. c4 {[%clk 1:31:18]}  e6 {[%clk 1:31:18]} 3. g3 {[%clk 1:31:41]}  Bb4+ {[%clk 1:31:36]} 4. Nd2 {[%clk 1:31:59]}  O-O {[%clk 1:29:31]} 5. Ngf3 {[%clk 1:32:09]}  d5 {[%clk 1:29:30]} 6. Bg2 {[%clk 1:32:25]}  b6 {[%clk 1:29:42]} 7. O-O {[%clk 1:32:46]}  Bb7 {[%clk 1:30:02]} 8. a3 {[%clk 1:32:59]}  Be7 {[%clk 1:30:12]} 9. Ne5 {[%clk 1:24:40]}  c5 {[%clk 1:27:07]} 10. dxc5 {[%clk 1:11:49]}  bxc5 {[%clk 1:25:55]} 11. b4 {[%clk 1:05:12]}  cxb4 {[%clk 1:14:50]} 12. axb4 {[%clk 1:05:31]}  Bxb4 {[%clk 1:14:49]} 13. Qb3 {[%clk 1:00:42]}  a5 {[%clk 1:13:34]} 14. Ba3 {[%clk 0:56:21]}  Na6 {[%clk 1:07:34]} 15. Rfd1 {[%clk 0:47:46]}  Nc5 {[%clk 0:56:37]} 16. Qc2 {[%clk 0:48:03]}  Qe7 {[%clk 0:39:49]} 17. Rdb1 {[%clk 0:43:03]}  Bxa3 {[%clk 0:33:21]} 18. Rxa3 {[%clk 0:43:27]}  a4 {[%clk 0:33:28]} 19. Rba1 {[%clk 0:36:05]}  Rfc8 {[%clk 0:20:44]} 20. Nd3 {[%clk 0:30:41]}  Nfd7 {[%clk 0:19:47]} 21. Qb2 {[%clk 0:20:46]}  Rab8 {[%clk 0:19:16]} 22. Qa2 {[%clk 0:16:54]}  d4 {[%clk 0:17:16]} 23. f4 {[%clk 0:10:44]}  Bxg2 {[%clk 0:14:36]} 24. Kxg2 {[%clk 0:10:59]}  f6 {[%clk 0:14:53]} 25. Re1 {[%clk 0:09:40]}  e5 {[%clk 0:14:42]} 26. fxe5 {[%clk 0:04:27]}  fxe5 {[%clk 0:15:02]} 27. Nxc5 {[%clk 0:04:48]}  Nxc5 {[%clk 0:15:25]} 28. Rf3 {[%clk 0:04:44]}  h6 {[%clk 0:08:20]} 29. Qa3 {[%clk 0:03:17]}  Qb7 {[%clk 0:07:55]} 30. Rb1 {[%clk 0:03:18]}  Qc6 {[%clk 0:08:19]} 31. Rbf1 {[%clk 0:01:56]}  Rb7 {[%clk 0:03:11]} 32. Kg1 {[%clk 0:02:06]}  Rcb8 {[%clk 0:02:02]} 33. Rf5 {[%clk 0:02:16]}  Rb2 {[%clk 0:02:12]} 34. Rxe5 {[%clk 0:01:41]}  Nd7 {[%clk 0:02:31]} 35. Rb5 {[%clk 0:02:03]}  Rxd2 {[%clk 0:01:06]} 36. Rxb8+ {[%clk 0:00:55]}  Nxb8 {[%clk 0:01:35]} 37. Qf8+ {[%clk 0:01:04]}  Kh7 {[%clk 0:02:04]} 38. Qxb8 {[%clk 0:00:33]}  d3 {[%clk 0:00:50]} 39. Qf4 {[%clk 0:00:34]}  Rxe2 {[%clk 0:01:13]} 40. Qf5+ {[%clk 0:00:36]}  Qg6 {[%clk 0:01:35]} 41. Qf3 {[%clk 0:29:31]}  a3 {[%clk 0:28:16]} 42. c5 {[%clk 0:29:17]}  Qe4 {[%clk 0:25:45]} 43. Qxe4+ {[%clk 0:27:38]}  Rxe4 {[%clk 0:25:36]} 44. Rd1 {[%clk 0:26:33]}  a2 {[%clk 0:25:33]} 45. Kf2 {[%clk 0:26:36]}  d2 {[%clk 0:25:26]} 0-1

[Event "45th FIDE Chess Olympiad Open"]
[Site "Budapest, Hungary"]
[Date "2024.09.11"]
[Round "1"]
[White "Elbilia, Jacques"]
[Black "Erigaisi Arjun"]
[Result "0-1"]
[Board "10"]
[WhiteFideId "9000127"]
[BlackFideId "35009192"]
[WhiteTitle "FM"]
[BlackTitle "GM"]
[WhiteElo "2343"]
[BlackElo "2778"]
[WhiteTeam "Morocco"]
[BlackTeam "India"]
[WhiteClock "0:00:54"]
[BlackClock "0:16:11"]
[Variant "Standard"]

1. d4 {[%clk 1:30:41]}  Nf6 {[%clk 1:30:41]} 2. c4 {[%clk 1:30:57]}  e6 {[%clk 1:31:06]} 3. Nc3 {[%clk 1:31:12]}  Bb4 {[%clk 1:31:28]} 4. e3 {[%clk 1:31:05]}  b6 {[%clk 1:30:55]} 5. Nge2 {[%clk 1:30:20]}  Ne4 {[%clk 1:30:20]} 6. Bd2 {[%clk 1:28:26]}  Nxd2 {[%clk 1:30:40]} 7. Qxd2 {[%clk 1:28:46]}  O-O {[%clk 1:30:39]} 8. a3 {[%clk 1:25:05]}  Be7 {[%clk 1:30:40]} 9. g3 {[%clk 1:19:37]}  Bb7 {[%clk 1:25:01]} 10. e4 {[%clk 1:19:46]}  Nc6 {[%clk 1:22:28]} 11. Qd3 {[%clk 1:07:15]}  Ba6 {[%clk 1:02:01]} 12. b4 {[%clk 0:52:07]}  Bxb4 {[%clk 1:01:47]} 13. axb4 {[%clk 0:52:20]}  Nxb4 {[%clk 1:02:12]} 14. Qb1 {[%clk 0:52:36]}  c5 {[%clk 1:02:32]} 15. Rxa6 {[%clk 0:44:51]}  Nxa6 {[%clk 1:02:56]} 16. d5 {[%clk 0:45:01]}  Nb4 {[%clk 1:02:01]} 17. Bg2 {[%clk 0:44:05]}  exd5 {[%clk 1:01:49]} 18. Nxd5 {[%clk 0:38:51]}  Nxd5 {[%clk 1:01:26]} 19. exd5 {[%clk 0:37:45]}  Re8 {[%clk 0:54:58]} 20. Qd3 {[%clk 0:38:03]}  b5 {[%clk 0:54:28]} 21. O-O {[%clk 0:36:30]}  b4 {[%clk 0:54:47]} 22. d6 {[%clk 0:36:06]}  Rb8 {[%clk 0:55:12]} 23. Nf4 {[%clk 0:36:02]}  Qf6 {[%clk 0:50:57]} 24. Qb3 {[%clk 0:33:57]}  Qxd6 {[%clk 0:47:57]} 25. Bd5 {[%clk 0:32:38]}  Qa6 {[%clk 0:45:49]} 26. Rd1 {[%clk 0:27:25]}  Re7 {[%clk 0:41:57]} 27. Kg2 {[%clk 0:17:00]}  Qa3 {[%clk 0:37:13]} 28. Qb1 {[%clk 0:14:47]}  b3 {[%clk 0:37:00]} 29. Qf5 {[%clk 0:14:27]}  Qa6 {[%clk 0:34:37]} 30. Nd3 {[%clk 0:11:58]}  Qf6 {[%clk 0:28:18]} 31. Qxf6 {[%clk 0:09:44]}  gxf6 {[%clk 0:28:44]} 32. Kf3 {[%clk 0:10:08]}  b2 {[%clk 0:17:58]} 33. Rb1 {[%clk 0:09:53]}  Rb3 {[%clk 0:18:23]} 34. Be4 {[%clk 0:07:49]}  d5 {[%clk 0:18:45]} 35. cxd5 {[%clk 0:07:42]}  c4 {[%clk 0:18:59]} 36. Rxb2 {[%clk 0:07:54]}  Ra3 {[%clk 0:18:44]} 37. Rd2 {[%clk 0:02:06]}  Kg7 {[%clk 0:15:29]} 38. Kf4 {[%clk 0:01:00]}  cxd3 {[%clk 0:15:54]} 39. Bf5 {[%clk 0:00:53]}  Ra4+ {[%clk 0:16:00]} 40. Kf3 {[%clk 0:00:54]}  Re5 {[%clk 0:16:11]} 0-1

[Event "45th FIDE Chess Olympiad Open"]
[Site "Budapest, Hungary"]
[Date "2024.09.11"]
[Round "1"]
[White "Wang, Yue"]
[Black "Jimenez Jimenez, Leandro"]
[Result "1-0"]
[Board "16"]
[WhiteFideId "8601429"]
[BlackFideId "6415253"]
[WhiteTitle "GM"]
[BlackTitle "FM"]
[WhiteElo "2637"]
[BlackElo "2188"]
[WhiteTeam "China"]
[BlackTeam "Dominican Republic"]
[WhiteClock "0:12:07"]
[BlackClock "0:02:02"]
[Variant "Standard"]

1. d4 {[%clk 1:30:52]}  Nf6 {[%clk 1:30:40]} 2. c4 {[%clk 1:31:04]}  e6 {[%clk 1:31:04]} 3. Nc3 {[%clk 1:31:19]}  d5 {[%clk 1:31:25]} 4. cxd5 {[%clk 1:31:13]}  exd5 {[%clk 1:31:49]} 5. Bg5 {[%clk 1:31:38]}  Nbd7 {[%clk 1:30:07]} 6. e3 {[%clk 1:31:51]}  Bb4 {[%clk 1:30:21]} 7. Bd3 {[%clk 1:30:16]}  h6 {[%clk 1:30:37]} 8. Bh4 {[%clk 1:29:36]}  g5 {[%clk 1:29:28]} 9. Bg3 {[%clk 1:29:50]}  Ne4 {[%clk 1:29:46]} 10. Bxe4 {[%clk 1:25:18]}  dxe4 {[%clk 1:29:31]} 11. Nge2 {[%clk 1:12:53]}  Nb6 {[%clk 1:15:54]} 12. h4 {[%clk 0:58:12]}  Bg4 {[%clk 1:00:47]} 13. Qc2 {[%clk 0:54:22]}  f5 {[%clk 0:28:47]} 14. hxg5 {[%clk 0:54:36]}  Bxe2 {[%clk 0:26:29]} 15. Qxe2 {[%clk 0:51:22]}  Qd5 {[%clk 0:20:19]} 16. Be5 {[%clk 0:43:35]}  O-O-O {[%clk 0:17:22]} 17. Bxh8 {[%clk 0:41:58]}  Rxh8 {[%clk 0:17:09]} 18. gxh6 {[%clk 0:41:37]}  Na4 {[%clk 0:17:31]} 19. Qc2 {[%clk 0:28:58]}  Qc6 {[%clk 0:15:27]} 20. Rc1 {[%clk 0:24:30]}  Nb6 {[%clk 0:10:16]} 21. Qb3 {[%clk 0:21:52]}  Nd5 {[%clk 0:10:30]} 22. Kd1 {[%clk 0:16:53]}  Bxc3 {[%clk 0:07:00]} 23. bxc3 {[%clk 0:17:17]}  f4 {[%clk 0:07:25]} 24. c4 {[%clk 0:15:56]}  Nf6 {[%clk 0:06:11]} 25. Qb5 {[%clk 0:13:37]}  Qe6 {[%clk 0:05:19]} 26. Qe5 {[%clk 0:12:39]}  Qg4+ {[%clk 0:05:22]} 27. Kc2 {[%clk 0:12:55]}  Re8 {[%clk 0:01:19]} 28. Qxf6 {[%clk 0:11:51]}  Re6 {[%clk 0:01:38]} 29. Qf8+ {[%clk 0:11:46]}  Kd7 {[%clk 0:02:02]} 30. Qg7+ {[%clk 0:12:07]} 1-0

[Event "45th FIDE Chess Olympiad Open"]
[Site "Budapest, Hungary"]
[Date "2024.09.11"]
[Round "1"]
[White "Vokhidov, Shamsiddin"]
[Black "Cupid, Kevin"]
[Result "1-0"]
[Board "19"]
[WhiteFideId "14204223"]
[BlackFideId "7700512"]
[WhiteTitle "GM"]
[BlackTitle "FM"]
[WhiteElo "2650"]
[BlackElo "2201"]
[WhiteTeam "Uzbekistan"]
[BlackTeam "Trinidad & Tobago"]
[WhiteClock "0:25:47"]
[BlackClock "0:01:38"]
[Variant "Standard"]

1. e4 {[%clk 1:30:57]}  c6 {[%clk 1:31:00]} 2. d4 {[%clk 1:31:22]}  d5 {[%clk 1:31:29]} 3. e5 {[%clk 1:31:47]}  Bf5 {[%clk 1:31:51]} 4. h4 {[%clk 1:32:13]}  h5 {[%clk 1:32:07]} 5. Bd3 {[%clk 1:32:37]}  Bxd3 {[%clk 1:32:35]} 6. Qxd3 {[%clk 1:33:03]}  Qa5+ {[%clk 1:32:58]} 7. Nd2 {[%clk 1:33:24]}  e6 {[%clk 1:33:18]} 8. Ngf3 {[%clk 1:33:49]}  Qa6 {[%clk 1:33:24]} 9. c4 {[%clk 1:33:56]}  Nh6 {[%clk 1:32:35]} 10. O-O {[%clk 1:33:56]}  Nf5 {[%clk 1:32:45]} 11. Rd1 {[%clk 1:25:52]}  Be7 {[%clk 1:29:39]} 12. g3 {[%clk 1:25:59]}  c5 {[%clk 1:26:49]} 13. dxc5 {[%clk 1:23:21]}  Nc6 {[%clk 1:27:13]} 14. b4 {[%clk 0:43:58]}  Nxb4 {[%clk 1:13:10]} 15. Qc3 {[%clk 0:38:00]}  Bxc5 {[%clk 0:29:38]} 16. Nb3 {[%clk 0:35:21]}  Nxg3 {[%clk 0:25:50]} 17. Re1 {[%clk 0:35:49]}  Ne4 {[%clk 0:10:26]} 18. Rxe4 {[%clk 0:34:09]}  dxe4 {[%clk 0:10:28]} 19. Nxc5 {[%clk 0:34:31]}  Qc6 {[%clk 0:10:48]} 20. Qxb4 {[%clk 0:34:08]}  b6 {[%clk 0:08:39]} 21. Ng5 {[%clk 0:26:15]}  bxc5 {[%clk 0:08:29]} 22. Qb5 {[%clk 0:26:41]}  Rc8 {[%clk 0:04:59]} 23. Nxe4 {[%clk 0:27:02]}  O-O {[%clk 0:05:25]} 24. Qxc6 {[%clk 0:27:26]}  Rxc6 {[%clk 0:05:54]} 25. Be3 {[%clk 0:27:42]}  Rfc8 {[%clk 0:06:12]} 26. a4 {[%clk 0:26:43]}  Ra6 {[%clk 0:04:56]} 27. a5 {[%clk 0:26:13]}  Kh7 {[%clk 0:05:06]} 28. Kg2 {[%clk 0:25:34]}  Kg6 {[%clk 0:05:33]} 29. Kf3 {[%clk 0:25:10]}  f5 {[%clk 0:04:16]} 30. Nxc5 {[%clk 0:23:54]}  Rac6 {[%clk 0:04:33]} 31. Nb7 {[%clk 0:24:01]}  a6 {[%clk 0:03:38]} 32. Nd6 {[%clk 0:24:07]}  R8c7 {[%clk 0:03:07]} 33. Rb1 {[%clk 0:23:23]}  f4 {[%clk 0:01:14]} 34. Rg1+ {[%clk 0:23:30]}  Kh7 {[%clk 0:01:38]} 35. Kxf4 {[%clk 0:23:51]}  Rxc4+ {[%clk 0:01:57]} 36. Nxc4 {[%clk 0:24:16]}  Rxc4+ {[%clk 0:02:18]} 37. Kg5 {[%clk 0:24:08]}  Re4 {[%clk 0:02:28]} 38. Kxh5 {[%clk 0:24:12]}  Rxe5+ {[%clk 0:02:20]} 39. Rg5 {[%clk 0:24:34]}  Re4 {[%clk 0:01:37]} 40. Rc5 {[%clk 0:24:51]}  Ra4 {[%clk 0:01:50]} 41. Kg5 {[%clk 0:25:07]}  Ra1 {[%clk 0:01:22]} 42. Bd4 {[%clk 0:25:22]}  Rg1+ {[%clk 0:01:38]} 43. Kf4 {[%clk 0:25:47]} 1-0

[Event "45th FIDE Chess Olympiad Open"]
[Site "Budapest, Hungary"]
[Date "2024.09.11"]
[Round "1"]
[White "Ahn, Hongjin"]
[Black "Tari, Aryan"]
[Result "1/2-1/2"]
[Board "26"]
[WhiteFideId "13201492"]
[BlackFideId "1510045"]
[WhiteTitle "IM"]
[BlackTitle "GM"]
[WhiteElo "2251"]
[BlackElo "2642"]
[WhiteTeam "South Korea"]
[BlackTeam "Norway"]
[WhiteClock "0:00:32"]
[BlackClock "0:11:56"]
[Variant "Standard"]

1. e4 {[%clk 1:30:54]}  c5 {[%clk 1:30:48]} 2. Nc3 {[%clk 1:31:06]}  Nc6 {[%clk 1:31:03]} 3. f4 {[%clk 1:31:25]}  g6 {[%clk 1:31:02]} 4. Nf3 {[%clk 1:31:47]}  Bg7 {[%clk 1:31:22]} 5. a4 {[%clk 1:31:58]}  e6 {[%clk 1:24:56]} 6. e5 {[%clk 1:32:15]}  d6 {[%clk 1:21:04]} 7. Bb5 {[%clk 1:32:18]}  Nge7 {[%clk 1:13:54]} 8. Ne4 {[%clk 1:32:33]}  dxe5 {[%clk 1:11:29]} 9. fxe5 {[%clk 1:32:36]}  O-O {[%clk 1:10:36]} 10. Nf6+ {[%clk 1:32:50]}  Kh8 {[%clk 1:02:48]} 11. d4 {[%clk 1:32:54]}  Nd5 {[%clk 0:49:55]} 12. Bxc6 {[%clk 1:07:15]}  bxc6 {[%clk 0:50:02]} 13. Ne4 {[%clk 1:06:17]}  cxd4 {[%clk 0:48:00]} 14. Qxd4 {[%clk 1:06:05]}  c5 {[%clk 0:33:37]} 15. Qxc5 {[%clk 0:48:28]}  Ba6 {[%clk 0:33:37]} 16. Nd6 {[%clk 0:47:01]}  f6 {[%clk 0:24:59]} 17. c4 {[%clk 0:44:37]}  Nb6 {[%clk 0:22:00]} 18. b3 {[%clk 0:41:36]}  Nd7 {[%clk 0:21:02]} 19. Qc6 {[%clk 0:32:46]}  Nxe5 {[%clk 0:21:10]} 20. Qxa6 {[%clk 0:28:22]}  f5 {[%clk 0:15:46]} 21. Rb1 {[%clk 0:21:15]}  Nd3+ {[%clk 0:14:10]} 22. Ke2 {[%clk 0:19:49]}  Nb4 {[%clk 0:14:38]} 23. Qb5 {[%clk 0:19:08]}  Na2 {[%clk 0:12:12]} 24. Qc6 {[%clk 0:05:53]}  Nc3+ {[%clk 0:11:10]} 25. Kf2 {[%clk 0:04:48]}  Qxd6 {[%clk 0:05:13]} 26. Qxd6 {[%clk 0:05:16]}  Ne4+ {[%clk 0:05:40]} 27. Ke2 {[%clk 0:05:31]}  Nxd6 {[%clk 0:06:09]} 28. Ba3 {[%clk 0:04:53]}  Rfd8 {[%clk 0:06:00]} 29. Ng5 {[%clk 0:03:55]}  Kg8 {[%clk 0:04:26]} 30. Rhd1 {[%clk 0:01:41]}  Nf7 {[%clk 0:04:39]} 31. Nxf7 {[%clk 0:00:39]}  Kxf7 {[%clk 0:05:07]} 32. Bc5 {[%clk 0:00:32]}  Ke8 {[%clk 0:02:24]} 33. Rxd8+ {[%clk 0:00:40]}  Kxd8 {[%clk 0:02:52]} 34. Rd1+ {[%clk 0:00:34]}  Kc7 {[%clk 0:03:21]} 35. Bd6+ {[%clk 0:00:55]}  Kc6 {[%clk 0:02:17]} 36. b4 {[%clk 0:01:03]}  a6 {[%clk 0:02:44]} 37. Rd2 {[%clk 0:00:38]}  Bh6 {[%clk 0:01:53]} 38. Rd3 {[%clk 0:00:53]}  e5 {[%clk 0:02:20]} 39. Rd5 {[%clk 0:00:45]}  e4 {[%clk 0:02:26]} 40. Bc5 {[%clk 0:00:47]}  Bf4 {[%clk 0:00:35]} 41. g3 {[%clk 0:00:55]}  Bc7 {[%clk 0:00:37]} 42. b5+ {[%clk 0:00:35]}  axb5 {[%clk 0:00:53]} 43. axb5+ {[%clk 0:01:01]}  Kb7 {[%clk 0:01:21]} 44. Rd7 {[%clk 0:01:04]}  Kc8 {[%clk 0:00:32]} 45. Rxh7 {[%clk 0:00:47]}  Ra2+ {[%clk 0:28:39]} 46. Ke3 {[%clk 0:29:05]}  Rb2 {[%clk 0:28:14]} 47. Kd4 {[%clk 0:21:24]}  Rd2+ {[%clk 0:22:44]} 48. Kc3 {[%clk 0:21:18]}  Ba5+ {[%clk 0:16:21]} 49. Kb3 {[%clk 0:21:41]}  Bd8 {[%clk 0:16:44]} 50. Ba7 {[%clk 0:17:33]}  e3 {[%clk 0:13:11]} 51. b6 {[%clk 0:16:36]}  Rd7 {[%clk 0:13:34]} 52. Rxd7 {[%clk 0:08:17]}  Kxd7 {[%clk 0:13:50]} 53. Kc2 {[%clk 0:06:43]}  Kc6 {[%clk 0:13:27]} 54. Kd3 {[%clk 0:05:52]}  Bg5 {[%clk 0:13:00]} 55. b7 {[%clk 0:05:39]}  Kxb7 {[%clk 0:13:13]} 56. Bxe3 {[%clk 0:06:03]}  Bf6 {[%clk 0:13:21]} 57. h3 {[%clk 0:05:07]}  Kc6 {[%clk 0:12:53]} 58. g4 {[%clk 0:05:22]}  fxg4 {[%clk 0:09:20]} 59. hxg4 {[%clk 0:05:50]}  Be7 {[%clk 0:06:54]} 60. Ke4 {[%clk 0:06:04]}  Bd6 {[%clk 0:07:09]} 61. c5 {[%clk 0:01:52]}  Bc7 {[%clk 0:07:08]} 62. Bd4 {[%clk 0:01:35]}  Bg3 {[%clk 0:07:11]} 63. Be5 {[%clk 0:00:38]}  Be1 {[%clk 0:07:33]} 64. Bd6 {[%clk 0:00:41]}  Bc3 {[%clk 0:07:45]} 65. Kf4 {[%clk 0:01:02]}  Bf6 {[%clk 0:08:10]} 66. Ke4 {[%clk 0:00:45]}  Bc3 {[%clk 0:08:18]} 67. Be7 {[%clk 0:00:42]}  Kd7 {[%clk 0:08:15]} 68. Bf8 {[%clk 0:00:49]}  Kc6 {[%clk 0:08:36]} 69. Kf4 {[%clk 0:00:49]}  Bf6 {[%clk 0:08:55]} 70. Bd6 {[%clk 0:00:36]}  Kd5 {[%clk 0:09:09]} 71. Bf8 {[%clk 0:00:38]}  Bd8 {[%clk 0:09:05]} 72. Bd6 {[%clk 0:00:33]}  Bf6 {[%clk 0:09:30]} 73. Bf8 {[%clk 0:00:32]}  Bd8 {[%clk 0:09:54]} 74. Kf3 {[%clk 0:00:37]}  Bg5 {[%clk 0:10:08]} 75. Ke2 {[%clk 0:00:45]}  Bf4 {[%clk 0:09:26]} 76. Kd3 {[%clk 0:01:06]}  Be5 {[%clk 0:09:46]} 77. Be7 {[%clk 0:01:24]}  Bc7 {[%clk 0:09:58]} 78. Kc3 {[%clk 0:01:35]}  Ba5+ {[%clk 0:10:17]} 79. Kb3 {[%clk 0:01:57]}  Be1 {[%clk 0:10:44]} 80. Bd6 {[%clk 0:00:53]}  Bd2 {[%clk 0:11:02]} 81. Ka4 {[%clk 0:01:11]}  Kc6 {[%clk 0:11:27]} 82. Kb3 {[%clk 0:01:13]}  Kd5 {[%clk 0:11:56]} 83. Ka4 {[%clk 0:00:32]} 1/2-1/2

[Event "45th FIDE Chess Olympiad Open"]
[Site "Budapest, Hungary"]
[Date "2024.09.11"]
[Round "1"]
[White "Vaz, Jose Carlos"]
[Black "Parligras, Mircea-Emilian"]
[Result "0-1"]
[Board "72"]
[WhiteFideId "23601710"]
[BlackFideId "1204297"]
[BlackTitle "GM"]
[WhiteElo "1909"]
[BlackElo "2537"]
[WhiteTeam "Cape Verde"]
[BlackTeam "Romania"]
[WhiteClock "0:02:33"]
[BlackClock "0:17:45"]
[Variant "Standard"]

1. e4 {[%clk 1:30:51]}  c5 {[%clk 1:30:49]} 2. Nf3 {[%clk 1:30:27]}  d6 {[%clk 1:31:06]} 3. Bb5+ {[%clk 1:29:25]}  Nd7 {[%clk 1:31:12]} 4. d4 {[%clk 1:27:31]}  cxd4 {[%clk 1:31:28]} 5. Nxd4 {[%clk 1:26:41]}  Ngf6 {[%clk 1:30:07]} 6. Nc3 {[%clk 1:23:25]}  a6 {[%clk 1:28:41]} 7. Bxd7+ {[%clk 1:20:31]}  Bxd7 {[%clk 1:28:47]} 8. O-O {[%clk 1:20:16]}  e6 {[%clk 1:16:58]} 9. Kh1 {[%clk 1:14:05]}  b5 {[%clk 1:15:37]} 10. a3 {[%clk 1:11:27]}  Be7 {[%clk 1:14:32]} 11. Bg5 {[%clk 1:08:14]}  O-O {[%clk 1:13:09]} 12. f4 {[%clk 1:04:48]}  h6 {[%clk 1:10:46]} 13. Bh4 {[%clk 1:00:34]}  Nxe4 {[%clk 1:06:58]} 14. Bxe7 {[%clk 1:00:33]}  Nxc3 {[%clk 1:06:58]} 15. Bxd8 {[%clk 0:58:52]}  Nxd1 {[%clk 1:07:22]} 16. Raxd1 {[%clk 0:55:38]}  Rfxd8 {[%clk 1:06:58]} 17. Rd2 {[%clk 0:54:55]}  Kf8 {[%clk 1:06:06]} 18. Re1 {[%clk 0:53:37]}  Rac8 {[%clk 1:05:54]} 19. Kg1 {[%clk 0:49:39]}  Bc6 {[%clk 1:04:01]} 20. Kf2 {[%clk 0:45:34]}  Bb7 {[%clk 1:03:21]} 21. g4 {[%clk 0:42:33]}  g5 {[%clk 1:01:17]} 22. fxg5 {[%clk 0:37:06]}  hxg5 {[%clk 1:01:41]} 23. Kg3 {[%clk 0:36:45]}  Rd7 {[%clk 0:54:54]} 24. Rf2 {[%clk 0:33:09]}  Kg7 {[%clk 0:54:06]} 25. c3 {[%clk 0:31:04]}  Rc5 {[%clk 0:51:03]} 26. Re3 {[%clk 0:25:31]}  Re5 {[%clk 0:50:03]} 27. Rfe2 {[%clk 0:24:18]}  Kf6 {[%clk 0:47:47]} 28. Rf2+ {[%clk 0:21:27]}  Ke7 {[%clk 0:44:48]} 29. Rfe2 {[%clk 0:21:34]}  f6 {[%clk 0:44:07]} 30. h3 {[%clk 0:15:01]}  Rc7 {[%clk 0:41:19]} 31. h4 {[%clk 0:11:01]}  gxh4+ {[%clk 0:41:23]} 32. Kxh4 {[%clk 0:11:19]}  Rc8 {[%clk 0:40:35]} 33. Rh3 {[%clk 0:05:25]}  Rh8+ {[%clk 0:34:22]} 34. Kg3 {[%clk 0:05:39]}  Rxh3+ {[%clk 0:34:48]} 35. Kxh3 {[%clk 0:05:50]}  Rxe2 {[%clk 0:33:50]} 36. Nxe2 {[%clk 0:06:06]}  Be4 {[%clk 0:32:49]} 37. Kg3 {[%clk 0:05:22]}  e5 {[%clk 0:33:02]} 38. Kf2 {[%clk 0:05:30]}  Bc2 {[%clk 0:32:00]} 39. Ng3 {[%clk 0:04:49]}  Kf7 {[%clk 0:29:36]} 40. Nf1 {[%clk 0:05:07]}  Ke6 {[%clk 0:23:19]} 41. Ne3 {[%clk 0:04:31]}  Be4 {[%clk 0:23:22]} 42. Ke2 {[%clk 0:04:40]}  d5 {[%clk 0:22:55]} 43. Kf2 {[%clk 0:04:51]}  d4 {[%clk 0:20:01]} 44. cxd4 {[%clk 0:04:50]}  exd4 {[%clk 0:20:24]} 45. Nf1 {[%clk 0:04:54]}  Ke5 {[%clk 0:20:34]} 46. Kg3 {[%clk 0:05:11]}  a5 {[%clk 0:19:22]} 47. Nd2 {[%clk 0:05:36]}  Bd5 {[%clk 0:19:00]} 48. b3 {[%clk 0:02:34]}  b4 {[%clk 0:17:22]} 49. axb4 {[%clk 0:02:49]}  axb4 {[%clk 0:17:33]} 50. Kf2 {[%clk 0:02:16]}  Kf4 {[%clk 0:17:20]} 51. Ke2 {[%clk 0:02:33]}  Be4 {[%clk 0:17:45]} 0-1

[Event "45th FIDE Chess Olympiad Open"]
[Site "Budapest, Hungary"]
[Date "2024.09.11"]
[Round "1"]
[White "Kebede , Yoseph Kifle"]
[Black "Postny, Evgeny"]
[Result "0-1"]
[Board "80"]
[WhiteFideId "15708063"]
[BlackFideId "2804344"]
[BlackTitle "GM"]
[WhiteElo "2037"]
[BlackElo "2577"]
[WhiteTeam "Ethiopia"]
[BlackTeam "Israel"]
[WhiteClock "0:49:57"]
[BlackClock "0:53:18"]
[Variant "Standard"]

1. e4 {[%clk 1:30:57]}  e5 {[%clk 1:30:55]} 2. Nc3 {[%clk 1:30:57]}  Nc6 {[%clk 1:31:15]} 3. Bc4 {[%clk 1:31:17]}  Nf6 {[%clk 1:31:38]} 4. d3 {[%clk 1:31:34]}  Bb4 {[%clk 1:31:50]} 5. Nge2 {[%clk 1:31:38]}  d5 {[%clk 1:31:54]} 6. exd5 {[%clk 1:31:58]}  Nxd5 {[%clk 1:32:19]} 7. Bxd5 {[%clk 1:31:23]}  Qxd5 {[%clk 1:32:43]} 8. O-O {[%clk 1:31:45]}  Qd7 {[%clk 1:29:37]} 9. f4 {[%clk 1:29:28]}  b6 {[%clk 1:27:13]} 10. Be3 {[%clk 1:27:15]}  Bb7 {[%clk 1:25:57]} 11. a3 {[%clk 1:26:21]}  Be7 {[%clk 1:24:16]} 12. Qd2 {[%clk 1:23:34]}  O-O-O {[%clk 1:23:19]} 13. Rae1 {[%clk 1:20:56]}  f5 {[%clk 1:20:47]} 14. fxe5 {[%clk 1:12:53]}  Nxe5 {[%clk 1:18:26]} 15. Bg5 {[%clk 1:08:53]}  Qc6 {[%clk 0:56:25]} 16. Nc1 {[%clk 1:02:28]}  Nc4 {[%clk 0:54:52]} 17. Qe2 {[%clk 0:56:36]}  Bxg5 {[%clk 0:53:47]} 18. dxc4 {[%clk 0:56:22]}  Rd2 {[%clk 0:53:25]} 19. Nb5 {[%clk 0:49:57]}  Qxg2+ {[%clk 0:53:18]} 0-1

[Event "45th FIDE Chess Olympiad Open"]
[Site "Budapest, Hungary"]
[Date "2024.09.11"]
[Round "1"]
[White "Pidluznij, Gleb"]
[Black "Soliz Gabarrete, Luis Fernando"]
[Result "1-0"]
[Board "116"]
[WhiteFideId "12817082"]
[BlackFideId "8403031"]
[WhiteTitle "FM"]
[WhiteElo "2425"]
[BlackElo "1920"]
[WhiteTeam "Lithuania"]
[BlackTeam "Honduras"]
[WhiteClock "0:04:37"]
[BlackClock "0:00:39"]
[Variant "Standard"]

1. e4 {[%clk 1:30:56]}  c6 {[%clk 1:30:50]} 2. Nf3 {[%clk 1:31:09]}  d5 {[%clk 1:31:05]} 3. d3 {[%clk 1:31:31]}  Bg4 {[%clk 1:24:09]} 4. h3 {[%clk 1:27:54]}  Bh5 {[%clk 1:24:24]} 5. Nbd2 {[%clk 1:25:53]}  Nd7 {[%clk 1:21:47]} 6. d4 {[%clk 1:24:51]}  dxe4 {[%clk 1:20:56]} 7. Nxe4 {[%clk 1:25:12]}  Ngf6 {[%clk 1:21:15]} 8. Ng3 {[%clk 1:24:18]}  Bg6 {[%clk 1:21:24]} 9. Nh4 {[%clk 1:23:04]}  Qc7 {[%clk 1:18:01]} 10. Nxg6 {[%clk 1:20:06]}  hxg6 {[%clk 1:18:22]} 11. Be2 {[%clk 1:17:44]}  O-O-O {[%clk 1:18:19]} 12. c3 {[%clk 1:12:41]}  e5 {[%clk 1:18:32]} 13. dxe5 {[%clk 0:53:53]}  Nxe5 {[%clk 1:18:38]} 14. Qa4 {[%clk 0:49:57]}  Nd3+ {[%clk 1:18:09]} 15. Bxd3 {[%clk 0:50:10]}  Rxd3 {[%clk 1:18:32]} 16. Qxa7 {[%clk 0:38:51]}  Qe5+ {[%clk 1:14:03]} 17. Ne2 {[%clk 0:36:13]}  Nd5 {[%clk 0:59:29]} 18. Qa8+ {[%clk 0:32:16]}  Kc7 {[%clk 0:58:13]} 19. Qa5+ {[%clk 0:28:34]}  Kc8 {[%clk 0:58:23]} 20. Bf4 {[%clk 0:26:49]}  Qe6 {[%clk 0:19:29]} 21. Qa8+ {[%clk 0:27:11]}  Kd7 {[%clk 0:19:51]} 22. Qxb7+ {[%clk 0:27:34]}  Kd8 {[%clk 0:20:17]} 23. Qb8+ {[%clk 0:23:34]}  Kd7 {[%clk 0:20:28]} 24. Qb7+ {[%clk 0:17:18]}  Kd8 {[%clk 0:20:49]} 25. Bg3 {[%clk 0:10:04]}  g5 {[%clk 0:05:56]} 26. O-O {[%clk 0:06:27]}  Rh6 {[%clk 0:00:46]} 27. Nd4 {[%clk 0:06:03]}  Qc8 {[%clk 0:00:41]} 28. Qxf7 {[%clk 0:05:33]}  Rf6 {[%clk 0:00:54]} 29. Qh5 {[%clk 0:04:57]}  c5 {[%clk 0:01:05]} 30. Qxg5 {[%clk 0:05:12]}  Qd7 {[%clk 0:00:45]} 31. Nf3 {[%clk 0:04:39]}  Rdxf3 {[%clk 0:00:32]} 32. gxf3 {[%clk 0:05:01]}  Kc8 {[%clk 0:00:37]} 33. Rad1 {[%clk 0:03:56]}  Rf5 {[%clk 0:00:58]} 34. Qg6 {[%clk 0:04:16]}  Bd6 {[%clk 0:00:39]} 35. Qxd6 {[%clk 0:04:37]} 1-0